000 01023cam a2200169 4500500
005 20251012042452.0
041 _afre
042 _adc
100 1 0 _aPineau, Gaston
_eauthor
700 1 0 _a Morin, Jacques
_eauthor
700 1 0 _a Brémaud, Loïc
_eauthor
700 1 0 _a Leguy, Patrice
_eauthor
245 0 0 _aSe former à l'ingénierie de formation
260 _bL'Harmattan,
_c2005.
520 _aSe former à l’ingénierie de formation ? Oui mais comment ? La première partie de cet ouvrage répond à cette double question de contenu et de méthode, à partir de 15 ans d’expérience du DESS Stratégie et Ingénierie en formation d’adultes (SIFA).La seconde partie explore avec des spécialistes les perspectives d’avenir des grands déterminants de la formation et de l’ingénierie pour tenter d’anticiper stratégiquement les offres pertinentes.
856 4 1 _uhttps://shs.cairn.info/se-former-a-lingenierie-de-formation--9782747586542?lang=fr&redirect-ssocas=7080
999 _c1548793
_d1548793